[Event "DEM U10 2021"]
[Site "Willingen GER"]
[Date "2021.08.23"]
[Round "1"]
[White "Glöckler, Christian"]
[Black "Dodul, Arthur"]
[Result "1-0"]
[Termination "normal"]
[Board "5"]
[WhiteElo "1581"]
[BlackElo "1285"]
[WhiteClock "01:10:34"]
[BlackClock "00:44:09"]
[PlyCount "75"]
[WhiteFideId "34608966"]
[BlackFideId "34609016"]
[EventCountry "GER"]
[EventRounds "11"]
[EventType "swiss"]
[EventDate "2021.08.22"]

1. e4 {[%clk 01:15:57]} {[%emt 00:00:02]} e5 {[%clk 01:15:48]} {[%emt
00:00:12]} 2. Nf3 {[%clk 01:16:11]} {[%emt 00:00:17]} Nc6 {[%clk 01:15:19]}
{[%emt 00:00:59]} 3. Bc4 {[%clk 01:16:10]} {[%emt 00:00:31]} Bc5 {[%clk
01:15:02]} {[%emt 00:00:47]} 4. c3 {[%clk 01:16:07]} {[%emt 00:00:31]} Nf6
{[%clk 01:14:31]} {[%emt 00:01:02]} 5. d4 {[%clk 01:15:49]} {[%emt 00:00:48]}
exd4 {[%clk 01:14:07]} {[%emt 00:00:55]} 6. e5 {[%clk 01:16:06]} {[%emt
00:00:13]} d5 {[%clk 01:13:37]} {[%emt 00:00:59]} 7. Bb5 {[%clk 01:16:20]}
{[%emt 00:00:16]} Ne4 {[%clk 01:13:01]} {[%emt 00:01:06]} 8. cxd4 {[%clk
01:16:07]} {[%emt 00:00:43]} Bb4+ {[%clk 01:12:00]} {[%emt 00:01:32]} 9. Bd2
{[%clk 01:16:09]} {[%emt 00:00:27]} Bxd2+ {[%clk 01:11:17]} {[%emt 00:01:13]}
10. Nfxd2 {[%clk 01:15:52]} {[%emt 00:00:47]} Nxd2 {[%clk 01:10:46]} {[%emt
00:01:01]} 11. Qxd2 {[%clk 01:15:50]} {[%emt 00:00:32]} O-O {[%clk 01:10:16]}
{[%emt 00:01:01]} 12. O-O {[%clk 01:15:10]} {[%emt 00:01:10]} f6 {[%clk
01:09:33]} {[%emt 00:01:12]} 13. f4 {[%clk 01:14:56]} {[%emt 00:00:44]} fxe5
{[%clk 01:08:20]} {[%emt 00:01:44]} 14. fxe5 {[%clk 01:14:35]} {[%emt
00:00:52]} Rxf1+ {[%clk 01:07:11]} {[%emt 00:01:39]} 15. Bxf1 {[%clk 01:14:30]}
{[%emt 00:00:35]} Bf5 {[%clk 01:06:30]} {[%emt 00:01:11]} 16. Nc3 {[%clk
01:14:17]} {[%emt 00:00:42]} Ne7 {[%clk 01:04:43]} {[%emt 00:02:18]} 17. g3
{[%clk 01:13:51]} {[%emt 00:00:55]} c6 {[%clk 01:03:56]} {[%emt 00:01:17]} 18.
Bg2 {[%clk 01:13:44]} {[%emt 00:00:36]} Ng6 {[%clk 01:03:22]} {[%emt 00:01:05]}
19. Rf1 {[%clk 01:13:38]} {[%emt 00:00:36]} Be6 {[%clk 01:02:16]} {[%emt
00:01:34]} 20. b4 {[%clk 01:12:57]} {[%emt 00:01:13]} Qb6 {[%clk 01:01:14]}
{[%emt 00:01:32]} 21. Na4 {[%clk 01:12:49]} {[%emt 00:00:38]} Qb5 {[%clk
01:00:01]} {[%emt 00:01:43]} 22. Nc5 {[%clk 01:11:18]} {[%emt 00:02:01]} Re8
{[%clk 00:57:28]} {[%emt 00:03:02]} 23. Nxe6 {[%clk 01:10:47]} {[%emt
00:01:01]} Rxe6 {[%clk 00:57:00]} {[%emt 00:00:56]} 24. Bh3 {[%clk 01:10:20]}
{[%emt 00:00:57]} Re7 {[%clk 00:54:24]} {[%emt 00:03:06]} 25. Qf2 {[%clk
01:09:32]} {[%emt 00:01:20]} Qxb4 {[%clk 00:48:11]} {[%emt 00:06:43]} 26. Be6+
{[%clk 01:09:31]} {[%emt 00:00:30]} Rxe6 {[%clk 00:48:23]} {[%emt 00:00:18]}
27. Qf7+ {[%clk 01:09:46]} {[%emt 00:00:14]} Kh8 {[%clk 00:48:40]} {[%emt
00:00:15]} 28. Qxe6 {[%clk 01:09:52]} {[%emt 00:00:24]} Nf8 {[%clk 00:46:18]}
{[%emt 00:02:51]} 29. Qe8 {[%clk 01:09:37]} {[%emt 00:00:45]} Qxd4+ {[%clk
00:45:51]} {[%emt 00:00:57]} 30. Kg2 {[%clk 01:09:33]} {[%emt 00:00:35]} Qd2+
{[%clk 00:43:10]} {[%emt 00:03:10]} 31. Rf2 {[%clk 01:09:45]} {[%emt 00:00:18]}
Qxf2+ {[%clk 00:43:28]} {[%emt 00:00:10]} 32. Kxf2 {[%clk 01:10:05]} {[%emt
00:00:13]} h6 {[%clk 00:43:08]} {[%emt 00:00:49]} 33. Qxf8+ {[%clk 01:10:22]}
{[%emt 00:00:13]} Kh7 {[%clk 00:43:30]} {[%emt 00:00:09]} 34. e6 {[%clk
01:10:37]} {[%emt 00:00:16]} Kg6 {[%clk 00:43:53]} {[%emt 00:00:06]} 35. e7
{[%clk 01:10:44]} {[%emt 00:00:24]} h5 {[%clk 00:44:11]} {[%emt 00:00:12]} 36.
e8=Q+ {[%emt 00:00:18]} Kh6 {[%emt 00:00:07]} 37. Qf5 {[%clk 01:10:19]} {[%emt
00:00:28]} g5 {[%clk 00:44:09]} {[%emt 00:00:34]} 38. Qeg6# {[%clk 01:10:34]}
{[%emt 00:00:13]} 1-0

[Event "DEM U10 2021"]
[Site "Willingen GER"]
[Date "2021.08.23"]
[Round "1"]
[White "Zimmer, Tim"]
[Black "Mandalka, Justus"]
[Result "0-1"]
[Termination "normal"]
[Board "6"]
[WhiteElo "1013"]
[BlackElo "1440"]
[WhiteClock "00:00:44"]
[BlackClock "00:24:59"]
[PlyCount "82"]
[WhiteFideId "34603115"]
[BlackFideId "16298144"]
[EventCountry "GER"]
[EventRounds "11"]
[EventType "swiss"]
[EventDate "2021.08.22"]

1. e4 {[%clk 01:15:55]} {[%emt 00:00:03]} c5 {[%clk 01:15:54]} {[%emt
00:00:07]} 2. Nf3 {[%clk 01:16:09]} {[%emt 00:00:15]} Nc6 {[%clk 01:16:16]}
{[%emt 00:00:10]} 3. d4 {[%clk 01:15:57]} {[%emt 00:00:41]} cxd4 {[%clk
01:16:35]} {[%emt 00:00:11]} 4. Nxd4 {[%clk 01:16:07]} {[%emt 00:00:20]} g6
{[%clk 01:16:57]} {[%emt 00:00:08]} 5. Nc3 {[%clk 01:16:18]} {[%emt 00:00:19]}
Bg7 {[%clk 01:16:23]} {[%emt 00:01:03]} 6. Be3 {[%clk 01:12:50]} {[%emt
00:03:58]} Nf6 {[%clk 01:15:57]} {[%emt 00:00:56]} 7. Bc4 {[%clk 01:11:54]}
{[%emt 00:01:27]} O-O {[%clk 01:15:18]} {[%emt 00:01:09]} 8. Bb3 {[%clk
01:11:23]} {[%emt 00:01:01]} Na5 {[%clk 01:12:05]} {[%emt 00:03:44]} 9. f3
{[%clk 01:04:41]} {[%emt 00:07:11]} Nxb3 {[%clk 01:11:57]} {[%emt 00:00:38]}
10. Nxb3 {[%clk 00:58:29]} {[%emt 00:06:43]} b6 {[%clk 01:10:24]} {[%emt
00:02:02]} 11. h4 {[%clk 00:55:19]} {[%emt 00:03:40]} Qc7 {[%clk 01:07:23]}
{[%emt 00:03:32]} 12. Qd2 {[%clk 00:42:45]} {[%emt 00:13:03]} Qg3+ {[%clk
01:03:45]} {[%emt 00:04:07]} 13. Bf2 {[%clk 00:39:15]} {[%emt 00:03:59]} Qxg2
{[%clk 01:01:19]} {[%emt 00:02:58]} 14. Rg1 {[%clk 00:24:57]} {[%emt 00:14:47]}
Qxf3 {[%clk 00:58:31]} {[%emt 00:03:19]} 15. Nd4 {[%clk 00:22:13]} {[%emt
00:03:14]} Qh5 {[%clk 00:57:02]} {[%emt 00:01:59]} 16. Rg5 {[%clk 00:20:38]}
{[%emt 00:02:04]} Qh6 {[%clk 00:56:56]} {[%emt 00:00:37]} 17. Nf3 {[%clk
00:19:40]} {[%emt 00:01:28]} Bh8 {[%clk 00:54:09]} {[%emt 00:03:17]} 18. O-O-O
{[%clk 00:17:56]} {[%emt 00:02:13]} Qg7 {[%clk 00:53:29]} {[%emt 00:01:11]} 19.
Bd4 {[%clk 00:16:56]} {[%emt 00:01:31]} h5 {[%clk 00:48:50]} {[%emt 00:05:08]}
20. Nd5 {[%clk 00:15:30]} {[%emt 00:01:50]} Re8 {[%clk 00:45:17]} {[%emt
00:04:09]} 21. Qf4 {[%clk 00:12:04]} {[%emt 00:03:54]} Nxd5 {[%clk 00:44:06]}
{[%emt 00:01:43]} 22. exd5 {[%clk 00:08:51]} {[%emt 00:03:42]} Qf8 {[%clk
00:43:44]} {[%emt 00:00:53]} 23. Rdg1 {[%clk 00:04:26]} {[%emt 00:04:54]} d6
{[%clk 00:40:15]} {[%emt 00:04:00]} 24. Qg3 {[%clk 00:01:35]} {[%emt 00:03:20]}
Bg4 {[%clk 00:37:24]} {[%emt 00:03:22]} 25. Rxg4 {[%clk 00:01:35]} {[%emt
00:00:30]} hxg4 {[%clk 00:37:42]} {[%emt 00:00:12]} 26. Qxg4 {[%clk 00:01:50]}
{[%emt 00:00:14]} Qh6+ {[%clk 00:37:02]} {[%emt 00:01:10]} 27. Kb1 {[%clk
00:01:56]} {[%emt 00:00:25]} Bxd4 {[%clk 00:34:28]} {[%emt 00:03:05]} 28. Nxd4
{[%clk 00:02:02]} {[%emt 00:00:21]} Kh8 {[%clk 00:32:09]} {[%emt 00:02:51]} 29.
Rh1 {[%clk 00:01:29]} {[%emt 00:01:03]} Qh5 {[%clk 00:32:05]} {[%emt 00:00:33]}
30. Qf4 {[%clk 00:01:00]} {[%emt 00:00:59]} Qxd5 {[%clk 00:31:32]} {[%emt
00:01:04]} 31. Rg1 {[%clk 00:00:53]} {[%emt 00:00:36]} Kh7 {[%clk 00:30:31]}
{[%emt 00:01:32]} 32. a3 {[%clk 00:00:52]} {[%emt 00:00:31]} e5 {[%clk
00:29:57]} {[%emt 00:01:04]} 33. Qg5 {[%clk 00:00:49]} {[%emt 00:00:33]} Qxd4
{[%clk 00:30:02]} {[%emt 00:00:25]} 34. h5 {[%clk 00:01:11]} {[%emt 00:00:08]}
Rg8 {[%clk 00:29:08]} {[%emt 00:01:24]} 35. Rh1 {[%clk 00:01:21]} {[%emt
00:00:20]} Kg7 {[%clk 00:24:35]} {[%emt 00:05:03]} 36. hxg6 {[%clk 00:00:41]}
{[%emt 00:01:09]} Kf8 {[%clk 00:24:04]} {[%emt 00:01:02]} 37. g7+ {[%clk
00:00:42]} {[%emt 00:00:29]} Ke8 {[%clk 00:24:24]} {[%emt 00:00:09]} 38. Rh8
{[%clk 00:00:37]} {[%emt 00:00:36]} Kd7 {[%clk 00:23:58]} {[%emt 00:00:56]} 39.
Qf5+ {[%clk 00:00:54]} {[%emt 00:00:12]} Kc6 {[%clk 00:24:16]} {[%emt
00:00:13]} 40. Qxf7 {[%clk 00:00:39]} {[%emt 00:00:46]} Qd1+ {[%clk 00:24:35]}
{[%emt 00:00:10]} 41. Ka2 {[%clk 00:00:44]} {[%emt 00:00:25]} Qd5+ {[%clk
00:24:59]} {[%emt 00:00:06]} 0-1

[Event "DEM U10 2021"]
[Site "Willingen GER"]
[Date "2021.08.23"]
[Round "1"]
[White "Allen, Phillipp"]
[Black "Rau, Eduard"]
[Result "0-1"]
[Termination "normal"]
[Board "7"]
[WhiteElo "1510"]
[BlackElo "1276"]
[WhiteClock "00:37:30"]
[BlackClock "00:43:36"]
[PlyCount "114"]
[WhiteFideId "16272846"]
[BlackFideId "16287231"]
[EventCountry "GER"]
[EventRounds "11"]
[EventType "swiss"]
[EventDate "2021.08.22"]

1. e4 {[%clk 01:15:57]} {[%emt 00:00:03]} e5 {[%clk 01:15:59]} {[%emt
00:00:02]} 2. Nf3 {[%clk 01:16:18]} {[%emt 00:00:09]} Nc6 {[%clk 01:16:28]}
{[%emt 00:00:01]} 3. Bb5 {[%clk 01:16:39]} {[%emt 00:00:08]} Nd4 {[%clk
01:16:53]} {[%emt 00:00:05]} 4. Nxd4 {[%clk 01:16:57]} {[%emt 00:00:13]} exd4
{[%clk 01:17:22]} {[%emt 00:00:01]} 5. O-O {[%clk 01:16:59]} {[%emt 00:00:27]}
Bc5 {[%clk 01:17:51]} {[%emt 00:00:02]} 6. Bc4 {[%clk 01:16:48]} {[%emt
00:00:41]} d6 {[%clk 01:17:37]} {[%emt 00:00:44]} 7. d3 {[%clk 01:15:39]}
{[%emt 00:01:39]} Ne7 {[%clk 01:17:52]} {[%emt 00:00:15]} 8. Bg5 {[%clk
01:14:13]} {[%emt 00:01:56]} f6 {[%clk 01:17:14]} {[%emt 00:01:07]} 9. Bh4
{[%clk 01:13:24]} {[%emt 00:01:19]} h5 {[%clk 01:16:18]} {[%emt 00:01:25]} 10.
f4 {[%clk 01:11:24]} {[%emt 00:02:31]} Bg4 {[%clk 01:16:36]} {[%emt 00:00:13]}
11. Qe1 {[%clk 01:11:10]} {[%emt 00:00:42]} Kd7 {[%clk 01:13:00]} {[%emt
00:04:06]} 12. f5 {[%clk 01:11:25]} {[%emt 00:00:17]} Re8 {[%clk 01:12:17]}
{[%emt 00:01:11]} 13. Be6+ {[%clk 01:11:00]} {[%emt 00:00:57]} Kc6 {[%clk
01:12:41]} {[%emt 00:00:06]} 14. b4 {[%clk 01:11:14]} {[%emt 00:00:16]} Bb6
{[%clk 01:12:45]} {[%emt 00:00:23]} 15. h3 {[%clk 01:11:35]} {[%emt 00:00:11]}
Bxf5 {[%clk 01:12:42]} {[%emt 00:00:34]} 16. Bxf5 {[%clk 01:10:39]} {[%emt
00:01:25]} d5 {[%clk 01:10:41]} {[%emt 00:02:31]} 17. b5+ {[%clk 01:09:55]}
{[%emt 00:01:14]} Kxb5 {[%clk 01:08:38]} {[%emt 00:02:33]} 18. Na3+ {[%clk
01:09:55]} {[%emt 00:00:31]} Kc5 {[%clk 01:07:06]} {[%emt 00:02:01]} 19. Rb1
{[%clk 01:10:14]} {[%emt 00:00:11]} a5 {[%clk 01:07:22]} {[%emt 00:00:15]} 20.
Rb5+ {[%clk 01:10:35]} {[%emt 00:00:09]} Kc6 {[%clk 01:06:57]} {[%emt
00:00:53]} 21. Qb1 {[%clk 01:10:40]} {[%emt 00:00:26]} Nxf5 {[%clk 01:06:03]}
{[%emt 00:01:25]} 22. Rxd5 {[%clk 01:10:20]} {[%emt 00:00:49]} Nd6 {[%clk
01:05:54]} {[%emt 00:00:39]} 23. Nc4 {[%clk 01:06:18]} {[%emt 00:04:32]} g5
{[%clk 00:58:55]} {[%emt 00:07:29]} 24. Bg3 {[%clk 01:04:34]} {[%emt 00:02:14]}
Bc5 {[%clk 00:55:49]} {[%emt 00:03:35]} 25. Rff5 {[%clk 01:00:08]} {[%emt
00:04:57]} b6 {[%clk 00:54:12]} {[%emt 00:02:08]} 26. a4 {[%clk 00:58:42]}
{[%emt 00:01:56]} Qe7 {[%clk 00:52:29]} {[%emt 00:02:13]} 27. Nxd6 {[%clk
00:56:52]} {[%emt 00:02:20]} cxd6 {[%clk 00:52:17]} {[%emt 00:00:42]} 28. Qb5+
{[%clk 00:56:35]} {[%emt 00:00:47]} Kb7 {[%clk 00:51:58]} {[%emt 00:00:46]} 29.
e5 {[%clk 00:55:19]} {[%emt 00:01:49]} Rad8 {[%clk 00:44:10]} {[%emt 00:08:15]}
30. exd6 {[%clk 00:54:07]} {[%emt 00:01:45]} Bxd6 {[%clk 00:42:31]} {[%emt
00:02:09]} 31. Bxd6 {[%clk 00:53:30]} {[%emt 00:01:06]} Qe3+ {[%clk 00:41:01]}
{[%emt 00:02:00]} 32. Kh2 {[%clk 00:52:25]} {[%emt 00:01:35]} h4 {[%clk
00:41:17]} {[%emt 00:00:14]} 33. Rf3 {[%clk 00:51:02]} {[%emt 00:01:54]} Qe6
{[%clk 00:41:39]} {[%emt 00:00:07]} 34. Rxd4 {[%clk 00:48:26]} {[%emt
00:03:06]} Rxd6 {[%clk 00:41:56]} {[%emt 00:00:13]} 35. Re4 {[%clk 00:48:50]}
{[%emt 00:00:06]} Qc8 {[%clk 00:37:47]} {[%emt 00:04:39]} 36. Qxe8 {[%clk
00:48:22]} {[%emt 00:00:58]} Qc7 {[%clk 00:38:12]} {[%emt 00:00:05]} 37. Re7
{[%clk 00:48:15]} {[%emt 00:00:37]} Rd7+ {[%clk 00:38:22]} {[%emt 00:00:21]}
38. Re5 {[%clk 00:47:56]} {[%emt 00:00:49]} fxe5 {[%clk 00:38:30]} {[%emt
00:00:22]} 39. Rf8 {[%clk 00:46:55]} {[%emt 00:01:30]} Ka6 {[%clk 00:37:22]}
{[%emt 00:01:28]} 40. Qa8+ {[%clk 00:45:39]} {[%emt 00:01:57]} Qa7 {[%clk
00:37:46]} {[%emt 00:00:06]} 41. Qxa7+ {[%clk 00:44:18]} {[%emt 00:01:50]} Kxa7
{[%clk 00:38:10]} {[%emt 00:00:06]} 42. Rg8 {[%clk 00:44:37]} {[%emt 00:00:11]}
Rd4 {[%clk 00:38:35]} {[%emt 00:00:06]} 43. Rxg5 {[%clk 00:44:35]} {[%emt
00:00:31]} Rxa4 {[%clk 00:38:59]} {[%emt 00:00:06]} 44. Rxe5 {[%clk 00:44:29]}
{[%emt 00:00:36]} Ra2 {[%clk 00:39:09]} {[%emt 00:00:20]} 45. Re1 {[%clk
00:41:22]} {[%emt 00:03:37]} Rxc2 {[%clk 00:39:32]} {[%emt 00:00:08]} 46. Rd1
{[%clk 00:41:44]} {[%emt 00:00:07]} a4 {[%clk 00:39:53]} {[%emt 00:00:09]} 47.
d4 {[%clk 00:42:08]} {[%emt 00:00:07]} a3 {[%clk 00:40:20]} {[%emt 00:00:03]}
48. d5 {[%clk 00:42:32]} {[%emt 00:00:05]} Kb7 {[%clk 00:40:44]} {[%emt
00:00:06]} 49. d6 {[%clk 00:41:35]} {[%emt 00:01:28]} Kc8 {[%clk 00:41:08]}
{[%emt 00:00:06]} 50. d7+ {[%emt 00:03:32]} Kd8 {[%clk 00:41:25]} {[%emt
00:00:06]} 51. Kg1 {[%clk 00:39:16]} {[%emt 00:00:55]} b5 {[%clk 00:41:45]}
{[%emt 00:00:10]} 52. g4 {[%clk 00:39:34]} {[%emt 00:00:12]} hxg3 {[%clk
00:42:05]} {[%emt 00:00:10]} 53. h4 {[%clk 00:39:58]} {[%emt 00:00:05]} b4
{[%clk 00:42:22]} {[%emt 00:00:14]} 54. h5 {[%clk 00:40:17]} {[%emt 00:00:10]}
b3 {[%clk 00:42:47]} {[%emt 00:00:06]} 55. h6 {[%clk 00:40:40]} {[%emt
00:00:07]} a2 {[%clk 00:43:09]} {[%emt 00:00:08]} 56. h7 {[%clk 00:40:56]}
{[%emt 00:00:13]} Rh2 {[%clk 00:43:36]} {[%emt 00:00:03]} 57. Rd2 {[%clk
00:37:30]} {[%emt 00:03:56]} a1=Q+ {[%emt 00:00:09]} 0-1

[Event "DEM U10 2021"]
[Site "Willingen GER"]
[Date "2021.08.23"]
[Round "1"]
[White "Sheng, Ming"]
[Black "Shen, Tingrui"]
[Result "0-1"]
[Termination "normal"]
[Board "8"]
[WhiteElo "1266"]
[BlackElo "1508"]
[WhiteClock "01:09:37"]
[BlackClock "01:06:07"]
[PlyCount "106"]
[WhiteFideId "34605258"]
[BlackFideId "34603441"]
[EventCountry "GER"]
[EventRounds "11"]
[EventType "swiss"]
[EventDate "2021.08.22"]

1. e4 {[%clk 01:15:56]} {[%emt 00:00:03]} c5 {[%clk 01:15:50]} {[%emt
00:00:10]} 2. Nf3 {[%clk 01:16:19]} {[%emt 00:00:06]} g6 {[%clk 01:16:08]}
{[%emt 00:00:12]} 3. d4 {[%clk 01:16:34]} {[%emt 00:00:15]} cxd4 {[%clk
01:16:12]} {[%emt 00:00:26]} 4. Nxd4 {[%clk 01:16:59]} {[%emt 00:00:06]} Bg7
{[%clk 01:16:25]} {[%emt 00:00:15]} 5. Nc3 {[%clk 01:17:18]} {[%emt 00:00:13]}
Nc6 {[%clk 01:16:38]} {[%emt 00:00:17]} 6. Nxc6 {[%clk 01:16:22]} {[%emt
00:01:26]} bxc6 {[%clk 01:16:56]} {[%emt 00:00:12]} 7. Bd2 {[%clk 01:16:06]}
{[%emt 00:00:45]} Rb8 {[%clk 01:16:37]} {[%emt 00:00:50]} 8. Rb1 {[%clk
01:16:15]} {[%emt 00:00:20]} d6 {[%clk 01:16:39]} {[%emt 00:00:28]} 9. Bc4
{[%clk 01:16:34]} {[%emt 00:00:12]} Nf6 {[%clk 01:16:42]} {[%emt 00:00:26]} 10.
O-O {[%clk 01:16:41]} {[%emt 00:00:18]} O-O {[%clk 01:16:22]} {[%emt 00:00:55]}
11. Re1 {[%clk 01:14:46]} {[%emt 00:02:26]} Re8 {[%clk 01:15:10]} {[%emt
00:01:40]} 12. Bb3 {[%clk 01:14:20]} {[%emt 00:00:58]} Ba6 {[%clk 01:15:18]}
{[%emt 00:00:22]} 13. Be3 {[%clk 01:13:58]} {[%emt 00:00:50]} Qc7 {[%clk
01:14:29]} {[%emt 00:01:21]} 14. f3 {[%clk 01:12:15]} {[%emt 00:02:12]} Nd7
{[%clk 01:13:54]} {[%emt 00:01:06]} 15. Qd2 {[%clk 01:11:56]} {[%emt 00:00:46]}
Ne5 {[%clk 01:13:13]} {[%emt 00:01:14]} 16. Bh6 {[%clk 01:11:59]} {[%emt
00:00:23]} Red8 {[%clk 01:09:00]} {[%emt 00:04:46]} 17. Bxg7 {[%clk 01:11:26]}
{[%emt 00:00:45]} Kxg7 {[%clk 01:09:20]} {[%emt 00:00:28]} 18. Rbd1 {[%clk
01:11:06]} {[%emt 00:00:32]} Qa5 {[%clk 01:06:00]} {[%emt 00:04:08]} 19. Nb1
{[%clk 01:09:36]} {[%emt 00:02:02]} Qxd2 {[%clk 01:03:50]} {[%emt 00:02:30]}
20. Rxd2 {[%clk 01:09:45]} {[%emt 00:00:11]} c5 {[%clk 01:03:53]} {[%emt
00:00:47]} 21. c3 {[%clk 01:08:52]} {[%emt 00:01:17]} Nd3 {[%clk 01:03:35]}
{[%emt 00:00:53]} 22. Re3 {[%clk 01:08:07]} {[%emt 00:00:59]} c4 {[%clk
01:03:43]} {[%emt 00:00:38]} 23. Bd1 {[%clk 01:06:23]} {[%emt 00:01:55]} Rxb2
{[%clk 01:03:16]} {[%emt 00:01:16]} 24. Rxb2 {[%clk 01:06:35]} {[%emt
00:00:15]} Nxb2 {[%clk 01:03:34]} {[%emt 00:00:15]} 25. Bc2 {[%clk 01:06:31]}
{[%emt 00:00:31]} Rb8 {[%clk 01:02:00]} {[%emt 00:02:06]} 26. Kf2 {[%clk
01:06:26]} {[%emt 00:00:35]} Nd3+ {[%clk 01:02:08]} {[%emt 00:00:23]} 27. Bxd3
{[%clk 01:06:25]} {[%emt 00:00:31]} cxd3 {[%clk 01:02:20]} {[%emt 00:00:18]}
28. Nd2 {[%clk 01:06:44]} {[%emt 00:00:11]} Rb2 {[%clk 01:02:29]} {[%emt
00:00:20]} 29. Ke1 {[%clk 01:06:29]} {[%emt 00:00:45]} Rxa2 {[%clk 01:02:23]}
{[%emt 00:00:37]} 30. e5 {[%clk 01:05:56]} {[%emt 00:01:03]} Ra1+ {[%clk
01:01:38]} {[%emt 00:01:14]} 31. Kf2 {[%clk 01:06:17]} {[%emt 00:00:10]} Rd1
{[%clk 01:01:59]} {[%emt 00:00:08]} 32. Nf1 {[%clk 01:06:11]} {[%emt 00:00:37]}
Rxf1+ {[%clk 01:01:51]} {[%emt 00:00:38]} 33. Kxf1 {[%clk 01:06:14]} {[%emt
00:00:07]} d2+ {[%clk 01:02:20]} 34. Kf2 {[%clk 01:06:16]} {[%emt 00:00:47]}
d1=N+ {[%clk 01:01:43]} {[%emt 00:00:51]} 35. Ke1 {[%clk 01:06:36]} {[%emt
00:00:28]} Nxe3 {[%clk 01:02:04]} {[%emt 00:00:09]} 36. exd6 {[%clk 01:06:54]}
{[%emt 00:00:12]} exd6 {[%clk 01:02:22]} {[%emt 00:00:11]} 37. Kf2 {[%clk
01:07:04]} {[%emt 00:00:20]} Nd1+ {[%clk 01:02:41]} {[%emt 00:00:12]} 38. Ke1
{[%clk 01:07:16]} {[%emt 00:00:18]} Nxc3 {[%emt 00:00:14]} 39. Kd2 {[%emt
00:00:08]} Nd5 {[%clk 01:02:18]} {[%emt 00:00:31]} 40. g3 {[%clk 01:06:44]}
{[%emt 00:00:58]} Bc4 {[%clk 01:02:34]} {[%emt 00:00:18]} 41. f4 {[%clk
01:06:46]} {[%emt 00:00:27]} Kf6 {[%clk 01:02:44]} {[%emt 00:00:19]} 42. Kc2
{[%clk 01:06:51]} {[%emt 00:00:26]} Kf5 {[%clk 01:03:01]} {[%emt 00:00:14]} 43.
g4+ {[%clk 01:07:08]} {[%emt 00:00:13]} Ke4 {[%clk 01:03:14]} {[%emt 00:00:18]}
44. f5 {[%clk 01:07:23]} {[%emt 00:00:15]} gxf5 {[%clk 01:03:21]} {[%emt
00:00:21]} 45. gxf5 {[%clk 01:07:39]} {[%emt 00:00:14]} a5 {[%clk 01:03:39]}
{[%emt 00:00:13]} 46. f6 {[%clk 01:08:01]} {[%emt 00:00:08]} a4 {[%clk
01:04:01]} {[%emt 00:00:08]} 47. Kb2 {[%clk 01:08:16]} {[%emt 00:00:15]} Nxf6
{[%clk 01:04:20]} {[%emt 00:00:11]} 48. Ka3 {[%clk 01:08:19]} {[%emt 00:00:28]}
d5 {[%clk 01:04:30]} {[%emt 00:00:19]} 49. Kxa4 {[%clk 01:08:28]} {[%emt
00:00:21]} d4 {[%clk 01:04:51]} {[%emt 00:00:09]} 50. Ka3 {[%clk 01:08:42]}
{[%emt 00:00:16]} d3 {[%clk 01:04:55]} {[%emt 00:00:26]} 51. Kb2 {[%clk
01:08:54]} {[%emt 00:00:18]} d2 {[%clk 01:05:17]} {[%emt 00:00:08]} 52. Kc2
{[%clk 01:09:17]} {[%emt 00:00:07]} Ke3 {[%clk 01:05:43]} {[%emt 00:00:03]} 53.
Kd1 {[%clk 01:09:37]} {[%emt 00:00:11]} Bb3# {[%clk 01:06:07]} {[%emt
00:00:07]} 0-1